| 000 | 00383pam a2200145 a 4500 | ||
|---|---|---|---|
| 020 |
_a8122404685 _c |
||
| 041 | _aeng | ||
| 082 |
_a530.141 _bSAR |
||
| 100 |
_aSarvate V., _eauthor. |
||
| 245 |
_aElectromangetic Fields and waves _hDonate Books |
||
| 260 |
_aNew Delhi _bWiley India Pvt. Ltd., _c1993 |
||
| 300 |
_axv/457: _bp.b.; _c23*15. |
||
| 653 | _aElectromagnetics | ||
| 930 | _a15618 | ||
| 999 |
_c58839 _d58839 |
||